Statistics for Countries Within 2000km from Athens

Click here to take the quiz!

General Stats

  • This quiz has been taken 122 times
  • The average score is 48 of 55

Answer Stats

Answer% Correct
France
99%
Turkey
98%
Austria
97%
Germany
97%
Italy
97%
Albania
96%
Hungary
96%
Cyprus
95%
Egypt
95%
Romania
95%
Slovakia
95%
Spain
95%
Ukraine
95%
Russia
94%
Slovenia
94%
Israel
93%
North Macedonia
93%
Serbia
93%
Switzerland
93%
Czech Republic
92%
Libya
92%
San Marino
92%
Vatican City
92%
Bosnia and Herzegovina
91%
Bulgaria
91%
Croatia
91%
Armenia
90%
Malta
90%
Poland
89%
Algeria
88%
Iraq
88%
Lebanon
88%
Azerbaijan
87%
Belgium
87%
Georgia
87%
Kosovo
87%
Tunisia
87%
Belarus
85%
Moldova
85%
Netherlands
85%
Syria
85%
Iran
84%
Liechtenstein
84%
Jordan
83%
Montenegro
83%
Lithuania
82%
Monaco
82%
Saudi Arabia
82%
Luxembourg
81%
Sudan
81%
Andorra
80%
Latvia
80%
Chad
63%
Niger
49%
Greece
46%

Score Distribution

Percentile by Number Answered

Percent of People with Each Score

Your Score History

You have not taken this quiz